000 00518nam a2200181Ia 4500
999 _c34138
_d34138
003 OSt
005 20200909111123.0
008 190216s9999||||xx |||||||||||||| ||und||
020 _a9788181287304
040 _coclc
082 _a539.60287
_bSVA/A
100 _aSvanberg, Sune
_94516
245 0 _aAtomic And Molecular Spectroscopy /
_cSune Svanberg
260 _bSpringer,
_aNew Delhi:
_c2007.
300 _a588p
650 _aPhysics
942 _cBK
_2ddc
_h539.60287
_iSVA/A
_k539.60287
_mSVA/A